000
00308nam a22001337a 4500
020
_a
978-81-239-1618--7
041
_a
ENG
100
_a
Bansil.B.C
245
_a
Horticultre in India
260
_a
Delhi
_b
CBS Publishers &Distributors
_c
2008
300
_a
1051
650
_a
Horticulture
856
_u
Agricultural
999
_c
43
_d
43